Missing Word: Misters in Every Category Quiz Stats

 Plays Quiz Updated Jun 13, 2017

Support Sporcle.
Go Orange.
Score 0/15 Timer 02:00
0 Plays Today
Hint Missing Word % Correct
Mr. Potato _____Head
95.1%
'That's it! No more Mr. _____ Guy!' (idiom)Nice
94.2%
Mr. _____ Goes to WashingtonSmith
86.2%
Mister _____' NeighborhoodRogers
84.8%
'You're a mean one, Mr. _____...'Grinch
83.7%
Bald mascot of eponymous soap brand, Mr. _____Clean
80.3%
_____ Howe, a.k.a. 'Mr. Hockey'Gordie
76.7%
'Fantastic Mr. _____' by Roald DahlFox
75.6%
Hint Missing Word % Correct
'Mr. _____, tear down this wall!'Gorbachev
73.8%
Bob Dylan song, 'Mr. _____ Man'Tambourine
69.3%
Mr. _____, performer of the Vulcan salute based on the Jewish Priestly BlessingSpock
53.1%
Mr. _____, Steve Buscemi's 'Reservoir Dogs' characterPink
50.8%
'MR' -- the country code of _____, in West AfricaMauritania
34.3%
Mister _____, stretchy Marvel superheroFantastic
32.2%
Educational TV show: 'Watch Mr. _____,' or 'Mr. _____'s World'Wizard
16%

Today's Daily Dose

You're not logged in!

Compare scores with friends on all Sporcle quizzes.
OR
Log In
Forgot?

From the Vault

32 in 60: NHL Teams

by mhershfield

You'll need to skate through these teams if you want to beat the buzzer.
Remove Ads.
Support Sporcle.
Get the best of Sporcle when you Go Orange. This ad-free experience offers more features, more stats, and more fun while also helping to support Sporcle. Thank you for becoming a member.

Show Comments

Extras

Top Quizzes Today


Score Distribution

Your Account Isn't Verified!

In order to create a playlist on Sporcle, you need to verify the email address you used during registration. Go to your Sporcle Settings to finish the process.

Report this User

Report this user for behavior that violates our Community Guidelines.

Details: